000 00320nam a22001337a 4500
008 250307b |||||||| |||| 00| 0 eng d
020 _a9783527406340
050 _aQC718
_b.O39
100 _aOks Efim
245 _aPlasma Cathode Electron Sources
260 _aGermany
_bWiley-VCH
_c2006
300 _aX,171P
942 _cBK
999 _c2146
_d2146